00500pam a2200181 a 4500001000800000005001700008008004100025010001700066020003200083040001800115041000800133080001800141082002200159100000700181101000800188245005600196504006600252346779320180130032439.0930319s1993 ctu b 001 0 eng  a 93007716  a0313277656 (acidfree paper) aDLCcDLCdDLC aeng a616.8914 chr00a616.8914 chr2201 a48 apsi10aFrom the other side of the couch :cChris E. Stout. aIncludes bibliographical references (p. [167]-168) and index.